000 00636nam a22001697a 4500
003 PILC
005 20150604155235.0
008 150604b xxu||||| |||| 00| 0 eng d
050 _aHF 5549.5
_b.Al397 2015
100 _aAl Hamdai, Jhamilla J.
245 _amonetary and non-monetary factors that contribute to the level of motivation of selected employees of days hotel Tagaytay /
_cJhamilla J. Al Hamdai.
260 _aLas PiƱas City :
_bSISC,
_c2015.
300 _aiv, 51 pages :
_billustrations ;
_c28 cm.
500 _aIncludes bibliographical references and appendices.
650 _aEmployee motivation.
942 _2lcc
_cTH
_kLOC
999 _c284731
_d284731